000 00318nam a22000977a 4500
008 170410b xxu||||| |||| 00| 0 eng d
100 _aChicago Philatelic Society
245 _aAdvanced stamp collecting (second printing)
260 _aChicago
_bChicago Philatelic Society
_c1946
650 _aCollecting -- Guides and Handbooks
999 _c2352
_d2352